000 00676cam a2200205 a 4500
001 15777895
005 20250908100016.0
008 090616s1979 onca 000 0 eng
050 0 0 _aBV150
_b.N47 1979
082 0 4 _a220.6/4
_219
100 1 _aNess, Alex W.
_q(Alexander William)
245 1 0 _aPattern for living :
_bthe tabernacle, priesthood, offerings, feasts /
_cby Alex W. Ness.
260 _aDownsview, Ont. :
_bChristian Centre Publicaations,
_c1979.
300 _a551 p. :
_bcol. ill. ;
_c22 cm.
650 0 _aRites and ceremonies in the Bible.
650 0 _aTabernacle.
650 0 _aPriests, Jewish.
650 0 _aChristian art and symbolism.
942 _2lcc
_cBK
_n0
999 _c7470
_d7470